000
00310nam a22001337a 4500
008
170524b xxu||||| |||| 00| 0 eng d
020
_a
262190621
041
_a
eng
080
_a
621
100
_a
26
101
_a
IM
245
_a
MASS TRANSFER IN HETEROGENEOUS CATALYSIS
_c
STTERFIELD,CH.N
942
_2
udc
_c
BK
999
_c
14190
_d
14190